[Event "Mittelfranken-chTB1 1213"]
[Site "Germany"]
[Date "2013.02.11"]
[Round "7.3"]
[White "Sippl, Martin"]
[Black "Tesch, Wladimir"]
[Result "1-0"]
[WhiteElo "1989"]
[BlackElo "1692"]
[PlyCount "79"]
[EventDate "2012.10.07"]
[EventType "team-tourn"]
[EventRounds "9"]
[EventCountry "GER"]
[SourceTitle "EXT 2019"]
[Source "ChessBase"]
[SourceDate "2018.10.10"]
[SourceVersion "1"]
[SourceVersionDate "2018.10.10"]
[SourceQuality "1"]
[WhiteTeam "Postbauer Heng"]
[BlackTeam "Fuerth SZ"]
[WhiteTeamCountry "GER"]
[BlackTeamCountry "GER"]

1. e4 c5 2. Nf3 d6 3. c3 Nf6 4. Be2 Nxe4 5. Qa4+ Bd7 6. Qxe4 Bc6 7. Qc2 g6 8. 0-0 Bg7 9. d4 cxd4 10. Nxd4 Bd7 11. Nd2 0-0 12. N2f3 h6 13. Be3 Kh7 14. Rfd1 a6 15. Rac1 Nc6 16. Nxc6 bxc6 17. h4 f5 18. h5 g5 19. Nh2 Kh8 20. c4 Qc7 21. Bd4 e5 22. Bc3 Be6 23. Rd2 Rad8 24. Rcd1 d5 25. Qa4 d4 26. Ba5 Qd6 27. Bxd8 Rxd8 28. Nf3 g4 29. Nh4 Bf6 30. Ng6+ Kg7 31. Qxa6 Bg5 32. Rd3 Kf6 33. a3 Qc5 34. Rb3 e4 35. Rb6 d3 36. Rxc6 Qxc6 37. Qxc6 dxe2 38. Rxd8 e1Q+ 39. Kh2 Qxf2 40. Rf8+ 1-0

[Event "Mittelfranken-chTB1 1213"]
[Site "Germany"]
[Date "2012.12.02"]
[Round "4.3"]
[White "Tesch, Wladimir"]
[Black "Cipra, Lothar"]
[Result "0-1"]
[WhiteElo "1692"]
[BlackElo "1953"]
[PlyCount "42"]
[EventDate "2012.10.07"]
[EventType "team-tourn"]
[EventRounds "9"]
[EventCountry "GER"]
[SourceTitle "EXT 2019"]
[Source "ChessBase"]
[SourceDate "2018.10.10"]
[SourceVersion "1"]
[SourceVersionDate "2018.10.10"]
[SourceQuality "1"]
[WhiteTeam "Fuerth SZ"]
[BlackTeam "Schwanstetten"]
[WhiteTeamCountry "GER"]
[BlackTeamCountry "GER"]

1. c4 Nf6 2. Nc3 d5 3. cxd5 Nxd5 4. e4 Nxc3 5. bxc3 e5 6. Qb3 Bd6 7. Nf3 0-0 8. a4 b6 9. a5 Nc6 10. Qd5 Bd7 11. a6 Ne7 12. Qb3 Be6 13. Qb1 Ng6 14. g3 Bc5 15. h3 f5 16. d3 fxe4 17. dxe4 Rxf3 18. Rh2 Qf6 19. Qc2 Rf8 20. Ba3 Bxf2+ 21. Ke2 Bxg3 0-1

[Event "Regionalliga NO 1112"]
[Site "Bayern"]
[Date "2012.02.05"]
[Round "6.6"]
[White "Auer, Guenther"]
[Black "Tesch, Wladimir"]
[Result "1-0"]
[WhiteElo "2017"]
[BlackElo "1661"]
[PlyCount "119"]
[EventDate "2011.10.02"]
[EventType "team-tourn"]
[EventRounds "9"]
[EventCountry "GER"]
[SourceTitle "EXT 2013"]
[Source "ChessBase"]
[SourceDate "2012.11.22"]
[SourceVersion "1"]
[SourceVersionDate "2012.11.22"]
[SourceQuality "1"]
[WhiteTeam "Altensittenbach"]
[BlackTeam "Fuerth"]
[WhiteTeamCountry "GER"]
[BlackTeamCountry "GER"]

1. d4 d5 2. Nf3 e6 3. e3 a6 4. Bd3 b5 5. 0-0 Nf6 6. Nbd2 Bb7 7. Ne5 Nbd7 8. f4 g6 9. Ndf3 c5 10. Ng5 Qb6 11. c3 Bg7 12. Ngxf7 0-0 13. Ng5 Rae8 14. Bd2 Re7 15. Qe1 Ne4 16. Bxe4 dxe4 17. Nxh7 Nxe5 18. dxe5 Rf5 19. g4 Rff7 20. Qh4 Bxe5 21. Ng5 Bf6 22. Qh6 Rg7 23. Rad1 Rd7 24. Bc1 Rd3 25. Nh3 c4 26. Nf2 Qc6 27. Rfe1 Bd8 28. Nxd3 exd3 29. e4 Bb6+ 30. Kg2 Qe8 31. Qg5 Rd7 32. h3 Qf7 33. Kh2 Bd8 34. Qh6 Bc7 35. Bd2 Bb6 36. Be3 Bxe3 37. Rxe3 Qf6 38. Qg5 Qxg5 39. fxg5 e5 40. Rf1 a5 41. a3 Kg7 42. Kg3 Bc6 43. h4 b4 44. Ree1 Ba4 45. Kf2 d2 46. Rd1 Rf7+ 47. Ke2 Rxf1 48. Rxf1 d1Q+ 49. Rxd1 Bxd1+ 50. Kxd1 b3 51. Ke2 Kh7 52. Kf3 a4 53. Kg3 Kg7 54. h5 Kh7 55. hxg6+ Kg7 56. Kh4 Kxg6 57. Kh3 Kg7 58. g6 Kf6 59. Kh4 Kxg6 60. g5 1-0

[Event "Regionalliga NO 1112"]
[Site "Bayern"]
[Date "2012.01.15"]
[Round "5.7"]
[White "Bloederl, Alfred"]
[Black "Tesch, Wladimir"]
[Result "0-1"]
[WhiteElo "1943"]
[BlackElo "1661"]
[PlyCount "66"]
[EventDate "2011.10.02"]
[EventType "team-tourn"]
[EventRounds "9"]
[EventCountry "GER"]
[SourceTitle "EXT 2013"]
[Source "ChessBase"]
[SourceDate "2012.11.22"]
[SourceVersion "1"]
[SourceVersionDate "2012.11.22"]
[SourceQuality "1"]
[WhiteTeam "Windischeschenbach"]
[BlackTeam "Fuerth"]
[WhiteTeamCountry "GER"]
[BlackTeamCountry "GER"]

1. d4 d5 2. c4 e6 3. Nc3 a6 4. cxd5 exd5 5. Nf3 b5 6. a3 Bb7 7. Bf4 Bd6 8. Bxd6 Qxd6 9. e3 Nd7 10. Be2 Ngf6 11. 0-0 0-0 12. Qc2 Rac8 13. Rac1 Rfe8 14. Rfd1 g6 15. b4 Nb6 16. a4 bxa4 17. Nxa4 Nxa4 18. Qxa4 Nd7 19. Rc3 c6 20. Ra1 Ra8 21. Rca3 Reb8 22. Nd2 Bc8 23. Qc2 Rb6 24. Rc3 Bb7 25. Nb3 Rxb4 26. Na5 Nb8 27. Rb3 Ra7 28. Rab1 Rxb3 29. Rxb3 Ba8 30. Rb6 Qc7 31. Qb2 Nd7 32. Rxa6 Rxa6 33. Bxa6 Qxa5 0-1

[Event "Regionalliga NO 1112"]
[Site "Bayern"]
[Date "2011.12.11"]
[Round "4.6"]
[White "Franz, Gerhard"]
[Black "Tesch, Wladimir"]
[Result "1-0"]
[WhiteElo "2000"]
[BlackElo "1661"]
[PlyCount "33"]
[EventDate "2011.10.02"]
[EventType "team-tourn"]
[EventRounds "9"]
[EventCountry "GER"]
[SourceTitle "EXT 2013"]
[Source "ChessBase"]
[SourceDate "2012.11.22"]
[SourceVersion "1"]
[SourceVersionDate "2012.11.22"]
[SourceQuality "1"]
[WhiteTeam "Amberg Siemens"]
[BlackTeam "Fuerth"]
[WhiteTeamCountry "GER"]
[BlackTeamCountry "GER"]

1. d4 d5 2. c4 e6 3. Nc3 a6 4. cxd5 exd5 5. Nf3 b5 6. Bf4 Bb7 7. e3 Nd7 8. Bd3 Ngf6 9. 0-0 Ne4 10. Rc1 Rc8 11. Ne5 Ndf6 12. f3 Nxc3 13. Rxc3 c5 14. Bf5 c4 15. Bxc8 Bxc8 16. e4 Bb4 17. Nc6 1-0